[Event "78th ARM-ch Highest League 2018"]
[Site "Yerevan"]
[Date "2018.01.14"]
[Round "3"]
[White "Hovhannisyan, Robert"]
[Black "Gabuzyan, Hovhannes"]
[Result "1-0"]
[WhiteElo "2591"]
[BlackElo "2571"]
[Annotator "TA"]
[PlyCount "137"]
[EventDate "2018.??.??"]
[EventType "tourn"]
[EventCountry "ARM"]
[SourceTitle "playchess.com"]
[Source "ChessBase"]
[SourceQuality "1"]

{[%evp 11,137,18,47,12,58,56,67,54,85,82,60,47,72,30,63,54,79,60,104,94,149,108,108,129,124,126,130,119,246,220,226,238,290,291,287,289,316,363,335,327,360,354,535,482,494,483,628,303,310,308,298,287,307,302,306,304,288,291,381,362,401,350,393,319,317,327,316,298,401,298,342,341,336,328,336,328,343,329,370,326,314,323,357,382,382,381,375,372,364,373,365,287,283,0,284,258,413,382,375,290,391,381,378,376,379,342,503,500,591,570,700,680,749,812,809,806,803,780,741,723,863,806,5534,5383,5047,4099,4627,2234]} 1. e4 c5 2. Nf3 d6 3. d4 cxd4 4. Nxd4 Nf6 5. Nc3 a6 6. Be2 g6 7. g4 {[%cal Bg2g4,Bg4g5][%mdl 32] B92: Sicilian Najdorf: 6 Be2} (7. Be3 Bg7 8. Qd2 Nbd7 9. g4 d5 10. exd5 Nb6 11. O-O-O Bxg4 12. f3 Bd7 13. Nb3 Nc8 14. Ne4 Nd6 15. Nbc5 O-O 16. Nxf6+ Bxf6 {½-½ (58) Eljanov,P (2755)-Jobava,B (2713) Malmo 2017}) 7... Bg7 8. g5 Nfd7 9. Be3 {White is slightly better.} Nc5 $146 ({Predecessor:} 9... b5 10. h4 Bb7 11. h5 Nc6 12. Qd2 Qa5 13. Rh4 Rg8 14. Nxc6 Bxc6 {½-½ (36) Kostenko,P (2465)-Andriasian,Z (2609) Pavlodar 2014}) 10. h4 Nc6 11. Qd2 Qa5 12. f3 {[%cal Bf2f3,Bf3f4][%mdl 32]} Be6 13. a3 $36 {[%mdl 2048] [#] Threatens to win with Nxc6. White fights for an advantage.} Nd7 14. O-O-O Rc8 15. Kb1 Nce5 ({Black should try} 15... Nxd4 16. Bxd4 Bxd4 17. Qxd4 Qe5) 16. f4 Nc4 17. Bxc4 $1 Rxc4 18. Nb3 Qc7 {[%cal Rg7c3]} 19. Bd4 Rxd4 (19... Bxd4 $16 20. Nxd4 Bg4) 20. Nxd4 $18 {f5 is the strong threat.} Bg4 21. Nd5 Qc5 22. Nb3 Qc8 23. Rde1 e6 24. Ne3 Bf3 25. Rhf1 ({Weaker is} 25. Qxd6 Bxh1 26. Rxh1 h6 $18) 25... Bxe4 26. Qxd6 h6 (26... Qc6 {was necessary.} 27. Qb4 Rg8) 27. Nd2 Bc6 28. f5 Be5 29. Nec4 (29. Qd3 $142) 29... Bxd6 30. Nxd6+ Ke7 31. Nxc8+ Rxc8 32. fxe6 (32. gxh6 $6 gxf5 33. Rxf5 Rh8 $18) 32... fxe6 33. gxh6 Rh8 34. Nf3 Bxf3 35. Rxf3 Rxh6 {[%mdl 4096] Endgame KRR-KRN} 36. Rf4 Nf6 37. a4 Rh5 38. Rg1 Nd5 39. Rfg4 Kd6 40. Rd1 b5 41. axb5 ({Don't play} 41. Rxg6 Rxh4 42. axb5 axb5 $18) 41... axb5 42. Rh1 ({Resist} 42. Rxg6 Rxh4 43. Re1 Nf4 $18) 42... Rh6 43. c3 e5 44. Rg5 Ne7 45. Kc2 Ke6 46. Rg4 Nd5 47. Kd3 Nf6 48. Rg5 Nh7 49. Rgg1 Nf6 50. Ra1 Nd5 51. Ke4 Nf6+ 52. Kd3 Nd5 $1 53. Ra8 Rh7 $2 {[#]} (53... Rh5 54. Re8+ Kf5) 54. Re8+ Kd6 55. Rg8 Ne7 56. Rb8 Kc6 57. Ke4 Rh5 58. Ra8 Kc5 (58... Nd5 {keeps fighting.} 59. Rf8 g5) 59. Ra6 {White is clearly winning.} Kc4 60. Re6 Rh7 61. Kxe5 Rh5+ 62. Kf6 Nd5+ 63. Kxg6 Nf4+ 64. Kf7 Kb3 65. Rf6 Ng2 66. Rf2 Nxh4 67. Rfh2 Rc5 68. Rxh4 Kxb2 69. R4h2+ {Precision: White = 71%, Black = 45%.} 1-0

[Event "78th ARM-ch Highest League 2018"]
[Site "Yerevan"]
[Date "2018.01.14"]
[Round "3"]
[White "Pashikian, Arman"]
[Black "Harutyunian, Tigran K."]
[Result "1/2-1/2"]
[WhiteElo "2578"]
[BlackElo "2487"]
[Annotator "TA"]
[PlyCount "129"]
[EventDate "2018.??.??"]
[EventType "tourn"]
[EventCountry "ARM"]
[SourceTitle "playchess.com"]
[Source "ChessBase"]
[SourceQuality "1"]

{[%evp 17,129,0,0,-4,20,10,30,33,27,14,33,39,47,46,47,45,35,20,20,0,45,35,50,51,55,46,66,58,56,43,89,63,51,36,32,17,17,17,17,17,17,0,0,0,0,0,0,0,0,0,0,0,0,0,0,0,0,0,0,0,0,0,0,0,83,32,56,0,29,0,0,0,0,0,0,0,0,0,0,0,0,0,0,0,0,0,0,0,0,0,0,0,0,0,0,0,0,0,0,0,0,0,0,0,0,0,0,0,0,0,0,0,0,0]} 1. e4 e5 2. Nf3 Nc6 3. Nc3 Nf6 4. d4 exd4 5. Nxd4 Bb4 6. Nxc6 bxc6 7. Bd3 d5 8. exd5 O-O 9. O-O cxd5 10. h3 {C47: Scotch Four Knights and Four Knights with 4 g3} (10. Bg5 c6 11. Na4 h6 12. Bh4 Re8 13. c4 dxc4 14. Bxc4 Qxd1 15. Rfxd1 g5 16. Bg3 Ne4 17. a3 Bf8 18. Rac1 Nxg3 19. hxg3 Rb8 20. b4 Bf5 21. Bd3 Bxd3 22. Rxd3 {½-½ (36) Artemiev,V (2691)-Carlsen,M (2837) Riadh 2017}) 10... a5 $146 ({Predecessor:} 10... c6 11. Qf3 Re8 12. Bg5 h6 13. Bxf6 {½-½ (13) Shankland,S (2662)-Melkumyan,H (2633) Sitges 2017}) 11. Qf3 Ba6 12. Bg5 {White has an edge.} Bxd3 13. cxd3 Bxc3 14. bxc3 Ra6 15. Rab1 h6 16. Be3 Qd6 17. Bd4 Qa3 18. Qe2 Rc8 19. Qb2 Qxb2 20. Rxb2 Nd7 21. Rb5 c6 22. Rb7 c5 23. Be3 $1 Nf8 24. Rfb1 Ne6 25. Rd7 d4 $1 {[%cal Rd4e3]} 26. cxd4 cxd4 27. Bxd4 Nxd4 28. Rxd4 $14 {[%mdl 4096] Endgame KRR-KRR} Rc2 29. a4 Rf6 30. Rf1 Ra2 31. h4 h5 32. g3 g6 33. f4 Rb6 34. Rf2 Ra1+ 35. Kg2 Rb4 36. Rd8+ Kg7 37. f5 gxf5 $1 38. Rd5 f4 39. Rg5+ Kf8 40. Rxf4 Raxa4 (40... Rxf4 $11 41. gxf4 Rxa4) 41. Rxb4 ({Much worse is} 41. Rxh5 Rxf4 42. gxf4 Rxf4 $11) (41. d4 $16) 41... axb4 $11 {KR-KR} 42. Kf3 (42. Rxh5 $14 Ra2+ 43. Kh3) 42... Ra6 43. Rxh5 Rb6 {The position is equal.} 44. Rc5 b3 45. Rc1 Ke7 (45... b2 $5 46. Rb1 $8 Ke7 $16) 46. Rb1 b2 47. Ke4 Ke6 48. Kd4 Kf5 49. Kc5 Rb8 50. d4 Rc8+ 51. Kd6 Rd8+ 52. Kc5 Rc8+ 53. Kd6 Rd8+ 54. Ke7 Rxd4 55. Rxb2 {Strongly threatening Rb5+.} Kg6 56. Rb5 {Threatens to win with Rg5+.} Rg4 57. Rb3 f5 58. Rf3 Re4+ 59. Kf8 Ra4 60. Rd3 Rg4 61. Rd7 Kh6 62. Rd6+ Kh7 63. Rd3 f4 64. gxf4 Rxf4+ 65. Ke7 {Precision: White = 71%, Black = 86%.} 1/2-1/2

[Event "78th ARM-ch Highest League 2018"]
[Site "Yerevan"]
[Date "2018.01.14"]
[Round "3"]
[White "Petrosyan, Manuel"]
[Black "Petrosian, Tigran L."]
[Result "1/2-1/2"]
[WhiteElo "2570"]
[BlackElo "2606"]
[Annotator "TA"]
[PlyCount "82"]
[EventDate "2018.??.??"]
[EventType "tourn"]
[EventCountry "ARM"]

{[%evp 14,82,27,0,10,4,-5,-12,9,-2,8,9,9,9,9,9,9,9,9,4,9,9,35,7,3,2,2,2,2,2,2,2,2,2,8,8,9,9,9,9,11,12,12,10,9,9,9,2,92,10,10,10,58,9,53,4,24,0,19,0,33,4,8,0,31,30,30,10,10,10,29]} 1. d4 d5 2. c4 e6 3. Nf3 Nf6 4. g3 Be7 5. Bg2 O-O 6. O-O c6 7. Qc2 b6 8. Bg5 Nbd7 {E11: Bogo-Indian} 9. Nbd2 Bb7 10. Rfd1 c5 (10... h6 {NOTEXT} 11. Bxf6 Bxf6 12. e4 Rc8 13. Qa4 Qc7) (10... h6 11. Bxf6 Nxf6 12. e4 Rc8 13. Rac1 dxc4 14. Nxc4 Qc7 15. Nfe5 b5 16. Ne3 c5 17. a4 Qb8 18. axb5 cxd4 19. N3c4 Rc5 {0-1 (35) Markus,R (2652)-Matlakov,M (2691) Novi Sad 2016}) 11. dxc5 bxc5 12. cxd5 exd5 13. e4 $146 ({Find the theoretical novelty and annotate with similar games:} 13. Qb3 Qb6 14. Nh4 Rfe8 15. Nc4 dxc4 16. Qxb6 Nxb6 17. Bxb7 {1-0 (30) Kreisl,R (2448)-McGowan,D (2156) Novi Sad 2016}) 13... dxe4 14. Bxf6 Nxf6 15. Ng5 {[%cal Rd2e4]} Qc7 16. Ngxe4 Rad8 17. Rac1 Rd4 18. Nxf6+ Bxf6 19. Ne4 Bxe4 20. Bxe4 g6 21. b3 Rfd8 22. Rxd4 Bxd4 23. Kg2 Qe5 24. Bf3 Re8 25. Qd3 Re6 26. Rc2 Rf6 27. Re2 Qd6 28. Qe4 Kg7 29. h4 {[%cal Bh2h4,Bh4h5][%mdl 32]} Qa6 30. h5 g5 {[#]} (30... Re6 $11 31. Qc2 f5) 31. Qd5 (31. Qa8 $1 $16) 31... h6 $11 32. Qa8 {Hoping for Re8.} Rd6 33. Qb7 Qd3 (33... g4 $5 34. Bd5 $8 Qxb7 35. Bxb7 f5 $11) 34. Qe4 Qc3 35. Qc2 Qa5 36. Qe4 Rf6 37. Qd3 Qd8 38. Qe4 Qb6 39. Qa8 {[#] Threatens to win with Re8.} Re6 40. Rxe6 Qxe6 41. Qe4 Qxe4 {Precision: White = 55%, Black = 36%.} 1/2-1/2

[Event "78th ARM-ch Highest League 2018"]
[Site "Yerevan"]
[Date "2018.01.14"]
[Round "3"]
[White "Martirosyan, Haik M."]
[Black "Ter-Sahakyan, Samvel"]
[Result "1/2-1/2"]
[WhiteElo "2567"]
[BlackElo "2563"]
[Annotator "TA"]
[PlyCount "66"]
[EventDate "2018.??.??"]
[EventType "tourn"]
[EventCountry "ARM"]

{[%evp 20,66,38,22,43,16,17,17,17,17,20,18,17,13,19,6,12,12,12,12,12,12,12,12,9,2,20,0,43,41,43,33,50,34,65,66,65,61,69,50,69,61,69,61,69,58,87,67,67]} 1. d4 d5 2. c4 dxc4 3. Nf3 Nf6 4. e3 e6 5. Bxc4 c5 6. O-O a6 7. dxc5 Bxc5 8. Qxd8+ Kxd8 9. Nbd2 Ke7 10. Be2 b6 11. Ne5 {LiveBook: 3 Partien} a5 $146 {D27: Angenommenes Damengambit (Hauptvariante 7.e4, 7.a4)} ({Vorgänger:} 11... Bb7 12. Nd3 Bd6 13. Nc4 Bc7 14. b3 Rd8 15. Ba3+ Ke8 16. Rfd1 b5 17. Nce5 Nbd7 18. Bb2 Nxe5 19. Nxe5 Rxd1+ 20. Rxd1 {0-1 (71) Zaiatz,E (2364)-Belenkaya,D (2289) Sochi 2016}) 12. Ndc4 Ba6 13. b3 Nfd7 {[#] Und weiter mit ...Sxe5 wäre nett.Die Stellung ist ausgeglichen.} 14. Nf3 Nc6 15. Bb2 f6 16. Rfd1 Rhd8 17. Rac1 Bb7 18. Nfd2 Nce5 19. Nxe5 Nxe5 20. Bxe5 fxe5 21. Bf3 $36 {[%mdl 2048] Weiss hat gut koordiniertes Spiel.} Bd5 22. Ne4 Rac8 23. Nc3 {[%cal Rc3d5]} Ba3 (23... Bxf3 {is more complex.} 24. gxf3 Ba3 25. Rxd8 Kxd8 26. Rd1+ Ke7) 24. Nxd5+ exd5 25. Rxc8 Rxc8 26. Bxd5 Rc1 27. Rxc1 Bxc1 $14 {[%mdl 4096] Endspiel KL-KL} 28. h4 Kf6 29. g3 g6 30. Kg2 h6 31. Kf3 Ba3 32. Kg4 g5 33. Kh5 Bf8 {Precision: Weiß = 66%, Schwarz = 61%.} 1/2-1/2

[Event "78th ARM-ch Highest League 2018"]
[Site "Yerevan"]
[Date "2018.01.14"]
[Round "3"]
[White "Sargsyan, Shant"]
[Black "Andriasian, Zaven"]
[Result "1/2-1/2"]
[WhiteElo "2461"]
[BlackElo "2585"]
[Annotator "TA"]
[PlyCount "83"]
[EventDate "2018.??.??"]
[EventType "tourn"]
[EventCountry "ARM"]
[SourceTitle "playchess.com"]
[Source "ChessBase"]
[SourceQuality "1"]

{[%evp 20,83,11,0,13,0,0,0,0,3,9,23,6,-7,0,0,1,0,10,10,0,-3,45,0,31,41,131,0,0,0,0,0,0,0,0,0,0,0,0,0,4,0,0,0,0,0,0,0,0,0,0,0,0,0,0,0,0,0,0,0,0,0,0,0,0,0]} 1. d4 Nf6 2. Nf3 c6 3. c4 d5 4. e3 Bg4 5. Nc3 e6 6. h3 Bxf3 7. Qxf3 Nbd7 8. Bd3 Bb4 9. O-O {D11: Slav Defence: 3 Nf3 sidelines and 3...Nf6 4 e3 Bg4} O-O 10. Bd2 Re8 11. Qd1 {LiveBook: 14 Games} Qe7 12. a3 dxc4 13. Bxc4 Bd6 {[#]} 14. f4 $146 ({Predecessor:} 14. Qc2 Rad8 15. Rfd1 h5 16. b4 h4 {0-1 (35) So,W (2815)-Carlsen,M (2832) chess.com INT 2017}) 14... c5 15. dxc5 Bxc5 16. Kh1 Nb6 17. Ba2 Rad8 18. Qe2 e5 19. Rad1 exf4 20. Rxf4 Nbd7 21. e4 Bd6 22. Rf5 g6 {[#]} (22... Nc5 $14) 23. Bf4 (23. Rf3 $1 $16) 23... Bxf4 {The position is equal.} 24. Rxf4 Ne5 {Hoping for ...Nh5.} 25. Nd5 Nxd5 26. Bxd5 Kg7 27. Rdf1 Rf8 28. Qe3 b6 29. Rf6 Rd6 30. Rxd6 Qxd6 31. Qc3 Qe7 32. b4 f6 33. Rc1 Rd8 34. a4 {[%cal Ba3a4,Ba4a5][%mdl 32]} h5 35. a5 h4 36. a6 g5 37. b5 Kf8 38. Qc2 Qd6 39. Qe2 Kg7 40. Qc2 Kf8 41. Qe2 Kg7 42. Qc2 {Precision: White = 71%, Black = 60%.} 1/2-1/2

[Event "78th ARM-ch Highest League 2018"]
[Site "Yerevan"]
[Date "2018.01.15"]
[Round "4"]
[White "Petrosian, Tigran L."]
[Black "Martirosyan, Haik M."]
[Result "*"]
[WhiteElo "2606"]
[BlackElo "2567"]
[Annotator "TA"]
[PlyCount "27"]
[EventDate "2018.??.??"]
[EventType "tourn"]
[EventCountry "ARM"]
[SourceTitle "playchess.com"]
[Source "ChessBase"]
[SourceQuality "1"]

{[%evp 4,4,16]} 1. Nf3 d5 2. g3 Nc6 {Predecessor:} 3. d4 $146 Bf5 4. Bg2 Nb4 5. Na3 e6 6. O-O h6 7. Ne5 Bd6 8. c3 Bxe5 9. dxe5 Nc6 10. c4 Nge7 11. cxd5 exd5 12. Nb5 O-O 13. Nd4 Nxd4 14. Qxd4 {0-1 (54) Vachier Lagrave,M (2789)-Bosiocic,M (2624) Riadh 2017} *

[Event "78th ARM-ch Highest League 2018"]
[Site "Yerevan"]
[Date "2018.01.15"]
[Round "4"]
[White "Petrosian, Tigran L."]
[Black "Martirosyan, Haik M."]
[Result "1/2-1/2"]
[WhiteElo "2606"]
[BlackElo "2567"]
[Annotator "TA"]
[PlyCount "109"]
[EventDate "2018.??.??"]
[EventType "tourn"]
[EventCountry "ARM"]
[SourceTitle "playchess.com"]
[Source "ChessBase"]
[SourceQuality "1"]

{[%evp 9,109,-7,0,0,7,-28,-47,-47,-47,-48,-34,-27,-29,-52,-35,-35,-48,-72,-35,-53,-53,-53,-53,-62,-53,-53,-53,-60,-44,-44,-43,-49,-43,-47,0,-43,-32,-57,0,-42,0,-47,0,-32,0,-32,-32,-106,0,-68,0,-83,-83,-83,-30,-50,0,0,0,0,0,0,0,-18,-6,0,0,-35,0,0,0,-23,-11,-26,-26,-26,-24,-27,-8,-26,-26,-26,-22,-41,0,-61,-61,-61,-61,-57,12,12,12,12,12,0,0,0,0,0,0,0]} 1. Nf3 d5 2. g3 Nc6 {[%cal Bb8c6,Bc6b4,Bb4c2][%mdl 32]} 3. d4 Bf5 4. c4 (4. Bg2 Nb4 5. Na3 e6 6. O-O h6 7. Ne5 Bd6 8. c3 Bxe5 9. dxe5 Nc6 10. c4 Nge7 11. cxd5 exd5 12. Nb5 O-O 13. Nd4 Nxd4 14. Qxd4 {0-1 (54) Vachier Lagrave,M (2789)-Bosiocic,M (2624) Riadh 2017}) 4... e6 5. Bg2 Nb4 {[#] LiveBook: 14 Games. aiming for ...Nc2+.} 6. O-O {D02: 1 d4 d5 2 Nf3 sidelines, including 2...Nf6 3 g3 and 2...Nf6 3 Bf4} Nc2 $1 {[%cal Rc2a1]} 7. Nh4 (7. cxd5 {looks sharper.} Nxa1 8. dxe6 Bxe6 9. Nc3 c6 10. Bd2) 7... Nxa1 8. Nxf5 {Black is slightly better.} exf5 9. cxd5 $146 ({Predecessor:} 9. Nc3 Nf6 10. Bg5 Be7 11. Bxf6 Bxf6 12. Nxd5 {0-1 (36) Maletin,P (2543)-Kobalia,M (2647) Tomsk 2006}) 9... Bd6 10. Nc3 Ne7 11. Bg5 h6 12. Bxe7 Qxe7 13. e3 O-O 14. Qd3 {[#]} Nb3 $1 15. axb3 g6 16. Rc1 h5 17. h4 $1 Rfd8 18. Na4 Rab8 19. Bf3 Kg7 20. Kg2 Rh8 21. Nc5 Rhd8 22. Rc4 Qf6 23. Rc1 Qe7 ({Black should try} 23... Bxc5 $15 24. Rxc5 Qd6) 24. Qc2 Rh8 25. Rh1 Rhd8 26. Nd3 Rh8 27. Qc3 Rhe8 28. Nf4 (28. Qc2 $15) 28... Rh8 (28... Bxf4 $1 $17 29. gxf4 a6) 29. Nh3 (29. Nd3 $11) 29... Rhe8 (29... Rhc8 $15) 30. Ng5 (30. Nf4 $1 $11 {keeps the balance.}) 30... Rec8 31. Rc1 c6 (31... Qd7 $17) 32. dxc6 bxc6 (32... f6 $5 {[%cal Rf6g5]} 33. c7 fxg5 34. cxb8=Q Rxc3 35. Qxd6 Qxd6 36. Rxc3 gxh4 37. gxh4 f4 $17) 33. Bxc6 Rb6 34. d5+ Qf6 (34... Be5 {is interesting.} 35. Ne6+ Kf6 36. Nd4 Bxd4 37. Qxd4+ Qe5) 35. Nf3 Qxc3 36. Rxc3 Rcb8 37. Ba4 Rd8 38. Bc6 Rdb8 {[%mdl 1024] Black has compensation.} 39. Ba4 Rd8 40. Rd3 Bb8 41. Rd2 Kf6 $36 {[%mdl 2048] Black fights for an advantage.} 42. Kf1 Be5 43. Ke2 Rc8 44. Ne1 Ke7 45. Nd3 Bd6 46. Kd1 Rd8 47. Kc2 (47. Rc2 $11) 47... Bb4 $15 48. Re2 $1 Rxd5 49. e4 Rxd3 (49... Rd4 $15 50. exf5+ Kf6 51. fxg6 fxg6) 50. exf5+ $11 {The position is equal.} Kf6 51. Kxd3 Kxf5 52. Re3 Kf6 53. Be8 Kg7 54. Rf3 Rf6 55. Rxf6 {Precision: White = 34%, Black = 45%.} 1/2-1/2

[Event "78th ARM-ch Highest League 2018"]
[Site "Yerevan"]
[Date "2018.01.15"]
[Round "4"]
[White "Andriasian, Zaven"]
[Black "Hovhannisyan, Robert"]
[Result "1/2-1/2"]
[WhiteElo "2585"]
[BlackElo "2591"]
[Annotator "TA"]
[PlyCount "36"]
[EventDate "2018.??.??"]
[EventType "tourn"]
[EventCountry "ARM"]
[SourceTitle "playchess.com"]
[Source "ChessBase"]
[SourceQuality "1"]

{[%evp 19,36,0,0,0,0,-8,12,4,12,0,10,13,10,10,22,6,17,-41,-41]} 1. e4 e5 2. Nf3 Nc6 3. Bc4 Bc5 4. O-O Nf6 5. d3 d6 6. c3 a5 {C54: Giuoco Piano: 4 c3 Nf6, main lines with 5 d4 and 5 d3} (6... O-O 7. Re1 Ne7 8. d4 Bb6 9. a4 c6 10. dxe5 Ng4 11. Rf1 dxe5 12. Qxd8 Bxd8 13. h3 Nf6 14. Nxe5 Nxe4 15. Re1 {½-½ (42) Vachier Lagrave,M (2789)-Carlsen,M (2837) London 2017}) 7. Nbd2 {[%cal Bb1d2,Bd2f1,Bf1g3][%mdl 32]} O-O 8. h3 h6 9. Re1 Be6 10. Bb5 Qb8 {LiveBook: 9 Games} 11. Nf1 Qa7 12. Qe2 Ne7 13. Rd1 $146 ({Predecessor:} 13. Ba4 Ng6 14. Ng3 c6 15. Rd1 {1-0 (45) Andriasian,Z (2585)-Vidit,S (2715) Riadh 2017}) 13... c6 14. Ba4 Ng6 15. d4 Bb6 16. Ng3 Qa6 {White should prevent ...Qxe2.} 17. Qc2 Bc7 18. dxe5 (18. Qb1 $11) 18... dxe5 1/2-1/2

[Event "78th ARM-ch Highest League 2018"]
[Site "Yerevan"]
[Date "2018.01.15"]
[Round "4"]
[White "Andriasian, Zaven"]
[Black "Hovhannisyan, Robert"]
[Result "*"]
[WhiteElo "2585"]
[BlackElo "2591"]
[Annotator "TA"]
[PlyCount "28"]
[EventDate "2018.??.??"]
[EventType "tourn"]
[EventCountry "ARM"]
[SourceTitle "playchess.com"]
[Source "ChessBase"]
[SourceQuality "1"]

{[%evp 11,12,11,15]} 1. e4 e5 2. Nf3 Nc6 3. Bc4 Bc5 4. O-O Nf6 5. d3 d6 6. c3 a5 {LiveBook: 30 Games. C54: Giuoco Piano: 4 c3 Nf6, main lines with 5 d4 and 5 d3} {Predecessor:} 7. Re1 $146 h6 8. Nbd2 O-O 9. Nf1 Be6 10. Bb5 Ne7 11. d4 Ba7 12. dxe5 Ng4 13. Be3 Nxe5 14. Bxa7 Rxa7 {1-0 (52) Jakovenko,D (2714)-Svidler,P (2745) Germany 2017} *

[Event "78th ARM-ch Highest League 2018"]
[Site "Yerevan"]
[Date "2018.01.15"]
[Round "4"]
[White "Grigoryan, Karen H."]
[Black "Pashikian, Arman"]
[Result "0-1"]
[WhiteElo "2581"]
[BlackElo "2578"]
[Annotator "TA"]
[PlyCount "58"]
[EventDate "2018.??.??"]
[EventType "tourn"]
[EventCountry "ARM"]
[SourceTitle "playchess.com"]
[Source "ChessBase"]
[SourceQuality "1"]

{[%evp 10,58,-45,-93,-35,-26,-31,-45,-33,-51,-43,-39,-36,-35,-40,-248,-175,-180,-177,-248,-227,-310,-209,-310,-282,-533,-521,-1003,-993,-989,-970,-29986,-1227,-1129,-1130,-1029,-964,-952,-952,-918,-898,-1397,-1362,-29952,-6790,-6790,-833,-838,-838,-837,-829]} 1. e4 e5 2. f4 d5 3. exd5 exf4 4. Nf3 Nf6 5. Be2 Nxd5 6. c4 Ne7 {C36: King's Gambit Accepted: 3 Nf3 d5} (6... Nb4 $17 {Hoping for ...Bf5.} 7. d4 Bf5) 7. d4 (7. Nc3 Ng6 8. h4 Be7 9. h5 Nh4 10. Nd5 Nc6 11. d4 Nxg2+ 12. Kf1 Ne3+ 13. Nxe3 fxe3 14. d5 {½-½ (33) Rapport,R (2671)-Adams,M (2740) Biel 2015}) 7... Ng6 8. Nc3 Be7 {Black is slightly better.} 9. Nd5 Bh4+ $146 ({Predecessor:} 9... Bd6 10. h4 Ne7 11. Nxf4 Nf5 12. g4 Ng3 13. Rg1 Nxe2 14. Qxe2+ {1-0 (42) Tiller,B (2390)-Ferguson,M (2387) Davos 2004}) 10. Nxh4 Qxh4+ 11. Kf1 $1 Na6 {And now ...c6 would win.} 12. b4 $2 (12. Qe1 $15) 12... O-O 13. b5 c6 14. bxa6 (14. Qe1 $142 Qxe1+ 15. Kxe1) 14... cxd5 $19 15. cxd5 bxa6 16. Bf3 (16. Qe1 $142) 16... Re8 17. Ba3 $2 (17. Bd2 {was necessary.}) 17... Bd7 18. d6 Rab8 19. Qd2 Re3 20. Bc5 Bb5+ (20... Rbe8 $142 21. Be2 Rxe2 22. Qxe2 Rxe2 23. Kxe2 Bb5+ 24. Kd2 Qf2+ 25. Kc3 Ne5 26. dxe5 Qxc5+ 27. Kb3 Qc4+ 28. Kb2 Qd4+ 29. Kb3 Bc4+ 30. Kc2 Bd3+ 31. Kd2 Bb5+ 32. Kc1 Ba4 33. h4 Qf2 34. h5 Qc2#) 21. Kg1 Rbe8 {( -> ...Re1+)} 22. Bb4 {[#]} Re2 $1 {[%mdl 512]} 23. Bxe2 Rxe2 24. Qxe2 Bxe2 25. Rc1 f3 26. gxf3 Qxd4+ 27. Kg2 {Black is clearly winning.} Qxb4 28. Rc8+ Nf8 29. d7 {[#]} Bxf3+ $1 {Precision: White = 24%, Black = 52%.} 0-1

[Event "78th ARM-ch Highest League 2018"]
[Site "Yerevan"]
[Date "2018.01.15"]
[Round "4"]
[White "Grigoryan, Karen H."]
[Black "Pashikian, Arman"]
[Result "*"]
[WhiteElo "2581"]
[BlackElo "2578"]
[Annotator "TA"]
[PlyCount "27"]
[EventDate "2018.??.??"]
[EventType "tourn"]
[EventCountry "ARM"]
[SourceTitle "playchess.com"]
[Source "ChessBase"]
[SourceQuality "1"]

{[%evp 9,9,-59]} 1. e4 e5 2. f4 d5 3. exd5 exf4 4. Nf3 Nf6 5. Be2 {Predecessor:} Nxd5 $146 6. c4 Ne7 7. Nc3 Ng6 8. h4 Be7 9. h5 Nh4 10. Nd5 Nc6 11. d4 Nxg2+ 12. Kf1 Ne3+ 13. Nxe3 fxe3 14. d5 {½-½ (33) Rapport,R (2671)-Adams,M (2740) Biel 2015} *

[Event "78th ARM-ch Highest League 2018"]
[Site "Yerevan"]
[Date "2018.01.15"]
[Round "4"]
[White "Gabuzyan, Hovhannes"]
[Black "Petrosyan, Manuel"]
[Result "*"]
[WhiteElo "2571"]
[BlackElo "2570"]
[Annotator "TA"]
[PlyCount "33"]
[EventDate "2018.??.??"]
[EventType "tourn"]
[EventCountry "ARM"]
[SourceTitle "playchess.com"]
[Source "ChessBase"]
[SourceQuality "1"]

{[%evp 11,12,0,-4]} 1. Nf3 d5 2. d4 Nf6 3. Bf4 c5 4. e3 Nc6 5. c3 Qb6 6. Qb3 c4 {LiveBook: 591 Games. D02: 1 d4 d5 2 Nf3 sidelines, including 2...Nf6 3 g3 and 2...Nf6 3 Bf4} {Predecessor:} 7. Qc2 $146 Bf5 8. Qc1 h6 9. h3 e6 10. Nbd2 Be7 11. Be2 Qd8 12. Ne5 Nxe5 13. Bxe5 O-O 14. O-O b5 15. Re1 Ne4 16. Bf3 Ng5 17. Bd1 {½-½ (36) Stupak,K (2573)-Gelfand,B (2729) Tbilisi 2017} *

[Event "78th ARM-ch Highest League 2018"]
[Site "Yerevan"]
[Date "2018.01.15"]
[Round "4"]
[White "Gabuzyan, Hovhannes"]
[Black "Petrosyan, Manuel"]
[Result "1/2-1/2"]
[WhiteElo "2571"]
[BlackElo "2570"]
[Annotator "TA"]
[PlyCount "93"]
[EventDate "2018.??.??"]
[EventType "tourn"]
[EventCountry "ARM"]
[SourceTitle "playchess.com"]
[Source "ChessBase"]
[SourceQuality "1"]

{[%evp 21,93,12,11,17,19,13,20,24,24,18,24,20,29,11,31,31,35,-12,0,0,-6,-7,0,0,0,0,8,0,0,0,0,0,0,0,34,34,37,38,40,0,141,125,192,46,133,133,177,171,138,83,88,85,97,66,81,29,27,0,0,0,0,0,0,0,0,0,0,0,0,0,0,0,0,0]} 1. Nf3 d5 2. d4 Nf6 3. Bf4 c5 4. e3 Nc6 5. c3 Qb6 6. Qb3 c4 7. Qc2 Bf5 8. Qc1 e6 9. Nbd2 h6 {D02: 1 d4 d5 2 Nf3 sidelines, including 2...Nf6 3 g3 and 2...Nf6 3 Bf4} 10. Be2 Qd8 11. b3 b5 {LiveBook: 3 Games} 12. a4 a6 $1 13. O-O (13. axb5 axb5 14. bxc4 bxc4 15. Bd1 Nd7 16. Ba4 Rc8 17. O-O Be7 {1-0 (53) Jumabayev,R (2604)-Vaganian,R (2548) Tsaghkadzor 2017}) 13... Be7 14. axb5 axb5 15. Rxa8 Qxa8 16. bxc4 bxc4 17. Qb2 $1 O-O 18. Ra1 Qc8 19. Bd1 $146 Nh5 20. Be5 f6 21. Bg3 $1 Nxg3 22. hxg3 Qc7 23. Ra6 Rc8 24. Qb5 Bg6 {[#]} 25. e4 $1 {[%mdl 512]} Be8 {White must now prevent ...Rb8.} (25... dxe4 26. Nh4) 26. Qb2 Rb8 27. Qa2 Bf8 28. Nh4 Bf7 29. exd5 exd5 30. Nf5 Rb5 (30... g6 $11 {keeps the balance.} 31. Ne3 f5) 31. Bf3 Rb6 (31... Rb7 $16 {was called for.}) 32. Ra8 (32. Rxb6 $18 Qxb6 33. Qa8) 32... Ne7 (32... Qd7 $14 33. Ne3 (33. Qa3 Rb8 $11) 33... Ne7) 33. Ra7 $16 Qd8 34. Nxe7+ $1 Bxe7 35. Ra8 ({White should try} 35. Nf1 $1) 35... Rb8 {[#]} 36. Rxb8 $1 Qxb8 37. Nf1 Qb3 {[#]} 38. Qa5 (38. Qa1 $1 $16) 38... Qa3 $1 $11 {[%cal Ra3a5]} 39. Qb5 Qxc3 {The position is equal.} 40. Bxd5 Bxd5 41. Qxd5+ Kf8 42. Ne3 Qe1+ 43. Kh2 Qxf2 44. Qe6 {Nf5 is the strong threat.} Qe2 45. g4 c3 46. d5 {Hoping for d6.} c2 47. Qc8+ {Precision: White = 64%, Black = 51%.} 1/2-1/2